|
|
|
|
| LEADER |
00000nam0a2200000 4500 |
| 001 |
291442 |
| 005 |
20231102000405.0 |
| 035 |
|
|
|a (RuTPU)RU\TPU\book\316010
|
| 090 |
|
|
|a 291442
|
| 100 |
|
|
|a 20150414d1969 k y0rusy50 ca
|
| 101 |
0 |
|
|a rus
|
| 102 |
|
|
|a RU
|
| 105 |
|
|
|a a z 001zy
|
| 200 |
1 |
|
|a Сорбционные осушители воздуха (пособие для проектирования)
|f В. И. Сыщиков
|
| 210 |
|
|
|a Ленинград
|c Стройиздат
|d 1969
|
| 215 |
|
|
|a 90 с.
|c ил.
|
| 320 |
|
|
|a Библиогр.: с. 88-89
|
| 606 |
1 |
|
|a Воздухоосушители
|2 stltpush
|3 (RuTPU)RU\TPU\subj\3375
|9 31800
|
| 610 |
1 |
|
|a вентиляция
|
| 610 |
1 |
|
|a кондиционирование
|
| 610 |
1 |
|
|a воздух
|
| 610 |
1 |
|
|a осушение
|
| 610 |
1 |
|
|a адсорбционные методы
|
| 610 |
1 |
|
|a схемы
|
| 610 |
1 |
|
|a исследования
|
| 675 |
|
|
|a 697.93
|v 3
|
| 700 |
|
1 |
|a Сыщиков
|b В. И.
|g Виктор Иванович
|
| 801 |
|
1 |
|a RU
|b 63413507
|c 20150414
|
| 801 |
|
2 |
|a RU
|b 63413507
|c 20170317
|g RCR
|
| 942 |
|
|
|c BK
|